Využitie teórie hier vo vybranom sektore na Slovensku bakalárska práca

Gespeichert in:
Bibliographische Detailangaben
1. Verfasser: Neumanová, Monika
Körperschaft: Fakulta hospodárskej informatiky EU. Katedra operačného výskumu a ekonometrie
Weitere Verfasser: Sequeira Lopez, Allan Jose, 1986-
Format: Buch
Sprache:Slowakisch
Veröffentlicht: Bratislava 2019
Tags: Tag hinzufügen
Keine Tags, Fügen Sie das erste Tag hinzu!

MARC

LEADER 00000nbm a2200000 4500
001 0257906
005 20191108144834.8
041 0 |a slo 
044 |a SK 
245 1 0 |a Využitie teórie hier vo vybranom sektore na Slovensku  |b bakalárska práca  |c Monika Neumanová ; školiteľ: Allan Jose Sequeira Lopez 
264 1 |a Bratislava  |c 2019 
300 |a 36 s. 
100 1 |a Neumanová, Monika 
700 1 |a Sequeira Lopez, Allan Jose, 1986- 
710 2 |a Fakulta hospodárskej informatiky EU. Katedra operačného výskumu a ekonometrie